Bibliografia de la meteorologia catalana / per Maria Campmany
Descripción Física:
p. 399 - 523 ; 23 cm
Colección:
Notes d'estudi ; 68
Otros Autores:
Servei Meteorològic de Catalunya
MARC
| LEADER | 00000nam a2200000Ia 4500 | ||
|---|---|---|---|
| 001 | 18752 | ||
| 008 | 160829s1937 xx 000 0 cat d | ||
| 080 | |a C-2-487 | ||
| 100 | |a Campmany, Maria |9 44639 | ||
| 245 | |a Bibliografia de la meteorologia catalana / per Maria Campmany | ||
| 260 | |a Barcelona : |b Imp. President Macià, |c 1937 | ||
| 300 | |a p. 399 - 523 ; |c 23 cm | ||
| 490 | |a Notes d'estudi ; 68 | ||
| 590 | |a A la part superior de la portada: Servei Meteorològic de Catalunya | ||
| 650 | |a Meteorologia |x Catalunya |x Bibliografia |9 44640 | ||
| 700 | |a Servei Meteorològic de Catalunya |9 35488 | ||
| 901 | |a Arxiu | ||
| 942 | |n 1 | ||
| 952 | |0 0 |1 0 |4 0 |6 C2487 |7 1 |9 52066 |a Arxiu |b Arxiu |d 2016-12-01 |l 0 |o C-2-487 |p 18752 |r 2016-12-01 00:00:00 |w 2016-12-01 |y ARXIU | ||
| 999 | |c 55914 |d 55914 | ||